المعلوماتية : نشرة إحصائية شهرية مايو2021. ع.111./
تتناول النشرة كافة البيانات والمؤشرات عن تطور أداء الاقتصاد المصري في كافة النواحي كما رصدت من المصادر المختلفة كذا تطور المؤشرات الاجتماعية عن السكان وخصائصهم وبعض الظواهر المتعلقة بهم....
Saved in:
| 主要作者: | |
|---|---|
| 格式: | 序列 |
| 语言: | 阿拉伯语 |
| 出版: |
القاهرة :
الجهاز المركزي للتعبئة العامة والإحصاء.
2021
|
| 主题: | |
| 标签: |
添加标签
没有标签, 成为第一个标记此记录!
|
MARC
| LEADER | 00000nas a2200000 a 4500 | ||
|---|---|---|---|
| 003 | INP | ||
| 005 | 20211117133706.0 | ||
| 008 | 130624c2021uuuuua mr1 0 f0ara d | ||
| 952 | |0 0 |1 0 |4 0 |6 339_500000000000000_م_ع_52021 |7 0 |9 21291 |a INP |b INP |c MAIN |d 2021-11-14 |l 0 |o 339.5 م ع 5-2021 |p 022300 |r 2022-03-28 00:00:00 |w 2021-11-14 |y PUB |0 0 | ||
| 999 | |c 17251 |d 17251 | ||
| 040 | |a EG-INP |c EG-INP |b ara | ||
| 082 | 0 | 4 | |2 21 |a 339.5 |b م . ع 5-2021 |
| 100 | |a الجهاز المركزي للتعبئة العامة والإحصاء | ||
| 245 | 0 | 2 | |a المعلوماتية : |b نشرة إحصائية شهرية مايو2021. |n ع.111./ |c الجهاز المركزى للتعبئة العامة والإحصاء |
| 260 | |a القاهرة : |b الجهاز المركزي للتعبئة العامة والإحصاء. |c 2021 | ||
| 300 | |a مج. : ع. 111 |b ايض.؛ |c 28 سم. | ||
| 310 | |a شهرى | ||
| 362 | 0 | |a ع. 111(مايو 2021 )- | |
| 500 | |a بني الوصف مايو 2021. | ||
| 500 | |a " 2021- مرجع رقم- 57- 20111 " | ||
| 520 | |a تتناول النشرة كافة البيانات والمؤشرات عن تطور أداء الاقتصاد المصري في كافة النواحي كما رصدت من المصادر المختلفة كذا تطور المؤشرات الاجتماعية عن السكان وخصائصهم وبعض الظواهر المتعلقة بهم. | ||
| 650 | 7 | |a المؤشرات الاقتصادية |2 qrmak | |
| 650 | 7 | |a نظم المعلومات |x احصائيات |2 qrmak | |
| 650 | 7 | |a التكامل الاقتصادى |v دوريات. |2 qrmak | |
| 901 | |a inp35 | ||
| 902 | |a egpv34 | ||
| 903 | |a copycat | ||
| 942 | |c PUB |2 ddc | ||